LEADER 01356nam0 2200301 i 450 001 VAN00303946 005 20260330120622.716 011 $a9789-819793594 017 70$2N$a9789819793600 100 $a20260327d2025 |0itac50 ba 101 $aeng 102 $aSG 105 $a|||| ||||| 200 1 $aDecarbonizing Power Generation Sectors Using Biomass and Hydrogen-Based Fuels$eA Roadmap to Sustainable Energy Transformation$fArif Darmawan, ... [et al.] 210 $aSingapore$cSpringer$d2025 215 $aVIII, 295 p.$cill.$d24 cm 410 1$1001VAN00107783$12001 $aGreen energy and technology$1210 $aBerlin$cSpringer$d2008- 620 $aSG$dSingapore$3VANL000061 702 1$aDarmawan$bArif$3VANV260539 712 $aSpringer $3VANV108073$4650 801 $aIT$bSOL$c20260403$gRICA 856 4 $uhttps://doi.org/10.1007/978-981-97-9360-0$zE-book ? Accesso al full-text attraverso riconoscimento IP di Ateneo, proxy e/o Shibboleth 899 $aBIBLIOTECA DEL DIPARTIMENTO DI INGEGNERIA$1IT-CE0100$2VAN05 912 $fN 912 $aVAN00303946 950 $aBIBLIOTECA DEL DIPARTIMENTO DI INGEGNERIA$d05CONS ING EBOOK 621 $e05EB 621 20260327 996 $aDecarbonizing Power Generation Sectors Using Biomass and Hydrogen-Based Fuels$94317127 997 $aUNICAMPANIA